<?xml version="1.0" encoding="UTF-8"?>
<record
    xmlns:xsi="http://www.w3.org/2001/XMLSchema-instance"
    xsi:schemaLocation="http://www.loc.gov/MARC21/slim http://www.loc.gov/standards/marcxml/schema/MARC21slim.xsd"
    xmlns="http://www.loc.gov/MARC21/slim">

  <leader>00654nam a2200205Ia 4500</leader>
  <controlfield tag="003">LK-CoDNM</controlfield>
  <controlfield tag="005">20241128121604.0</controlfield>
  <controlfield tag="008">010623t1979    xxu||||| |||| 00| 1 sin d</controlfield>
  <datafield tag="040" ind1=" " ind2=" ">
    <subfield code="a">LK-CoDNM</subfield>
    <subfield code="d">LK-CoDNM</subfield>
    <subfield code="e">LK-CoDNM</subfield>
  </datafield>
  <datafield tag="041" ind1=" " ind2=" ">
    <subfield code="a">sin</subfield>
  </datafield>
  <datafield tag="080" ind1=" " ind2=" ">
    <subfield code="a">294.32</subfield>
    <subfield code="b">VIP</subfield>
  </datafield>
  <datafield tag="100" ind1=" " ind2=" ">
    <subfield code="a">&#xD87;&#xDBB;&#xDD1;&#xDB4;&#xDDC;&#xDC5; &#xDC0;&#xDD2;&#xDB4;&#xDC3;&#xDCA;&#xDC3;&#xDD2; &#xDC4;&#xDD2;&#xDB8;&#xDD2;</subfield>
  </datafield>
  <datafield tag="245" ind1=" " ind2=" ">
    <subfield code="a">&#xDB4;&#xDA7;&#xDCA;&#xDA8;&#xDCF;&#xDB1; &#xDB1;&#xDD2;&#xDAF;&#xDCA;&#xDAF;&#xDDA;&#xDC3; &#xDC0;&#xDCF;&#xDBB;&#xDBA;-1979</subfield>
  </datafield>
  <datafield tag="246" ind1=" " ind2=" ">
    <subfield code="a">Pattana Niddesa Waraya</subfield>
  </datafield>
  <datafield tag="260" ind1=" " ind2=" ">
    <subfield code="b">&#xDC0;&#xDD2;&#xDB4;&#xDC3;&#xDCA;&#xDC3;&#xDB1;&#xDCF; &#xDB7;&#xDCF;&#xDC0;&#xDB1;&#xDCF; &#xDB8;&#xDB0;&#xDCA;&#x200D;&#xDBA;&#xDC3;&#xDCA;&#xDAE;&#xDCF;&#xDB1;&#xDBA;</subfield>
    <subfield code="a">&#xDBB;&#xDCF;&#xDA2;&#xD9C;&#xDD2;&#xDBB;&#xDD2;&#xDBA;</subfield>
    <subfield code="c">1979</subfield>
  </datafield>
  <datafield tag="300" ind1=" " ind2=" ">
    <subfield code="b">31p. ; 21 cm</subfield>
  </datafield>
  <datafield tag="650" ind1=" " ind2=" ">
    <subfield code="a">Buddhism</subfield>
  </datafield>
  <datafield tag="650" ind1=" " ind2=" ">
    <subfield code="a">1979</subfield>
  </datafield>
  <datafield tag="942" ind1=" " ind2=" ">
    <subfield code="c">BK</subfield>
  </datafield>
  <datafield tag="952" ind1=" " ind2=" ">
    <subfield code="0">0</subfield>
    <subfield code="1">0</subfield>
    <subfield code="4">1</subfield>
    <subfield code="7">0</subfield>
    <subfield code="8">OBC</subfield>
    <subfield code="a">MAIN</subfield>
    <subfield code="b">MAIN</subfield>
    <subfield code="c">REF</subfield>
    <subfield code="d">2024-11-27</subfield>
    <subfield code="l">0</subfield>
    <subfield code="o">294.32 VIP</subfield>
    <subfield code="p">OB9026</subfield>
    <subfield code="r">2024-11-28</subfield>
    <subfield code="w">2024-11-28</subfield>
    <subfield code="y">BK</subfield>
  </datafield>
  <datafield tag="999" ind1=" " ind2=" ">
    <subfield code="c">110993</subfield>
    <subfield code="d">110993</subfield>
  </datafield>
</record>
